Statistics for NBA Teams - One Minute Sprint

Click here to take the quiz!

General Stats

  • This quiz has been taken 32,457 times
  • The average score is 18 of 30

Answer Stats

Team% Correct
Los Angeles Lakers
86%
Golden State Warriors
84%
Boston Celtics
77%
Miami Heat
75%
Los Angeles Clippers
73%
Cleveland Cavaliers
73%
New York Knicks
70%
Brooklyn Nets
68%
Chicago Bulls
67%
San Antonio Spurs
66%
Houston Rockets
64%
Dallas Mavericks
63%
Toronto Raptors
63%
Orlando Magic
62%
Philadelphia 76ers
59%
Phoenix Suns
59%
Milwaukee Bucks
58%
Oklahoma City Thunder
58%
Sacramento Kings
57%
Atlanta Hawks
55%
Washington Wizards
54%
Utah Jazz
53%
Detroit Pistons
51%
Charlotte Hornets
50%
Indiana Pacers
50%
New Orleans Pelicans
50%
Portland Trailblazers
49%
Denver Nuggets
48%
Minnesota Timberwolves
46%
Memphis Grizzlies
42%

Score Distribution

Percentile by Number Answered

Percent of People with Each Score

Your Score History

You have not taken this quiz